000 00348nam a2200145Ia 4500
005 20251222152658.0
008 251222s9999||||xx |||||||||||||| ||spa||
020 _a9580602263
082 _a863.44/B85
100 _aBryce Echenique, Alfredo
245 0 _aMagdalena Peruana
250 _a1ra.ed.
264 _bEditorial Oveja Negra
942 _cLIB
999 _c28720
_d28720